Statistiken für Die sieben Kontinente Quiz

Klicken Sie hier um das Quiz zu spielen!

Allgemein

  • Dieses Quiz wurde 3,477 mal gespielt
  • Das Durchschnittsergebnis liegt bei 7 aus 7

Antwortstatistiken

Kontinent % Korrekt
Afrika
99%
Asien
99%
Europa
99%
Südamerika
98%
Australien
97%
Nordamerika
97%
Antarktika
91%

Verteilung der Resultate

Perzentil nach korrekt beantworteten Fragen

Anzahl Personen mit jedem Resultat

Ihre Resultats-Entwicklung

Sie haben dieses Quiz noch nicht gespielt